Piére D'abraham /

Hlavní autor: Emmanuel, Pierre, 1916-1984
Jazyk: Němčina
Vydáno: Neuchâtel : Éditions de la Bacconnière, 1943
Edice: Cahiers du Rhône. Série rouge
Fyzický popis: 49 s.
Knihy
Uloženo v:
LEADER 00693nam a2200217 a 4500
001 000940385
003 CZ BrMZK
005 20120711132231.0
007 ta
008 090521s1943 sz er 000 0 ger d
040 |a BOA001  |b cze 
100 1 |a Emmanuel, Pierre,  |d 1916-1984  |7 ola2002161267  |4 aut 
245 1 0 |a Piére D'abraham /  |c Piere Emmanuel 
260 |a Neuchâtel :  |b Éditions de la Bacconnière,  |c 1943 
300 |a 49 s. 
490 1 |a Les Cahiers du Rhône. Série rouge ;  |v 9 
830 0 |a Cahiers du Rhône.  |p Série rouge 
910 |a BOA001  |b 1-0187.435,9 
990 |a BK 
991 |b 200905 
996 7 |b 2619327165  |c 1-0187.435,9  |l MZK  |r Sklad / do 1 hodiny  |n 0  |w 000940385  |u 000010  |a 1  |e BOA001  |j MZK50  |s A